| 000 | 00816pam a2200277 a 4500 | ||
|---|---|---|---|
| 001 | 3432516 | ||
| 003 | OSt | ||
| 005 | 20160610130045.0 | ||
| 008 | 910513s1992 nyua 001 0 eng c | ||
| 010 | _a 91020456 | ||
| 020 | _a0716750317 | ||
| 040 |
_aDNLM/DLC _cDLC _dDLC |
||
| 050 | 0 | 0 |
_aQR360 _b.L38 1991 |
| 060 | _aQW 160 L665v | ||
| 082 | 0 | 0 |
_aQW 160 _bL15v 1991 |
| 100 | 1 |
_aLevine, Arnold J. _99304 |
|
| 245 | 1 | 0 |
_aViruses / _cArnold J. Levine. |
| 260 |
_aNew York : _bScientific American Library : _bDistributed by W.H. Freeman and Co., _c1991. |
||
| 300 |
_ax, 240 p. : _bcol.ill ; _c25 cm. |
||
| 500 | _aIncludes index. | ||
| 650 | 0 |
_aViruses. _9746 |
|
| 650 | 2 |
_aViruses. _9746 |
|
| 906 |
_a7 _bcbc _corignew _d1 _eocip _f19 _gy-gencatlg |
||
| 942 |
_2ddc _cO_SHELF |
||
| 999 |
_c4312 _d4312 |
||